[Event "Ostravsky konik 2010 MCR Open"]
[Site "Ostrava"]
[Date "2010.05.06"]
[Round "6.26"]
[White "Malík, Jan"]
[Black "Pisk, Petr"]
[Result "1/2-1/2"]
[WhiteElo "2232"]
[BlackElo "2333"]
[PlyCount "66"]
[EventDate "2010.05.09"]
[EventType "swiss"]
[EventCountry "CZE"]

1. e4 c6 2. d4 g6 3. Nf3 Bg7 4. c4 d6 5. Be2 Bg4 6. Be3 Bxf3 7. Bxf3 e5 8. dxe5
dxe5 9. Qb3 Qe7 10. Nd2 Na6 11. O-O Nf6 12. c5 O-O 13. Qc3 Nd7 14. b4 Nc7 15.
Be2 Ne6 16. Bc4 h5 17. Bxe6 Qxe6 18. Qb3 Qxb3 19. Nxb3 f5 20. Bg5 Bf6 21. Rad1
Bxg5 22. Rxd7 fxe4 23. Re1 Rad8 24. Rxd8 Rxd8 25. Kf1 e3 26. fxe3 Kf7 27. Ke2
Rd7 28. Rf1+ Ke6 29. Rf8 Rd8 30. Rxd8 Bxd8 31. Kd3 Kd5 32. e4+ Ke6 33. Nd2 a5
1/2-1/2

[Event "Ostravsky konik 2010 MCR Open"]
[Site "Ostrava"]
[Date "2010.05.06"]
[Round "6.29"]
[White "Cižinský, Petr"]
[Black "Vaculík, Martin"]
[Result "1/2-1/2"]
[WhiteElo "2124"]
[BlackElo "2298"]
[PlyCount "37"]
[EventDate "2010.05.09"]
[EventType "swiss"]
[EventCountry "CZE"]

1. e4 c5 2. Nf3 a6 3. c3 e6 4. Be2 d5 5. exd5 exd5 6. d4 Nc6 7. O-O cxd4 8.
Nxd4 Nf6 9. Bg5 Be7 10. Re1 O-O 11. Bf3 Qd6 12. Qd2 Bd8 13. Na3 Ne5 14. Bf4
Nxf3+ 15. gxf3 Qb6 16. Kh1 Nh5 17. Bg3 Nxg3+ 18. hxg3 Bf6 19. Nac2 1/2-1/2

[Event "Ostravsky konik 2010 MCR Open"]
[Site "Ostrava"]
[Date "2010.05.06"]
[Round "6.30"]
[White "Krajina, Aleš"]
[Black "Hausner, Ivan"]
[Result "0-1"]
[WhiteElo "2195"]
[BlackElo "2451"]
[PlyCount "86"]
[EventDate "2010.05.09"]
[EventType "swiss"]
[EventCountry "CZE"]

1. d4 g6 2. e4 Bg7 3. Nf3 d6 4. Bc4 e6 5. Qe2 Ne7 6. Bb3 Nd7 7. c3 O-O 8. Nbd2
e5 9. h4 a5 10. Ng5 Nf6 11. h5 a4 12. dxe5 axb3 13. exf6 Bxf6 14. Nxh7 Kxh7 15.
hxg6+ Kg7 16. Qh5 Rh8 17. Qxh8+ Qxh8 18. Rxh8 Kxh8 19. gxf7 Kg7 20. Nxb3 Be6
21. Nd4 Bxf7 22. Be3 d5 23. Nf5+ Nxf5 24. exf5 Ra4 25. O-O-O Rg4 26. Rg1 Bg5
27. Bxg5 Rxg5 28. g4 Kf6 29. Kd2 Rg8 30. Ke3 Re8+ 31. Kf3 Kg5 32. Rd1 c5 33. a3
Re4 34. b4 Rxg4 35. bxc5 Rc4 36. Rb1 Rxc3+ 37. Ke2 Kxf5 38. Rxb7 Be6 39. Rc7
Rxa3 40. Rh7 Rc3 41. Rc7 Ke5 42. Kd2 d4 43. Rc6 Bf5 0-1

[Event "Ostravsky konik 2010 MCR Open"]
[Site "Ostrava"]
[Date "2010.05.06"]
[Round "6.32"]
[White "Michenka, Jozef"]
[Black "Hába, Zdenek"]
[Result "1/2-1/2"]
[WhiteElo "2390"]
[BlackElo "2233"]
[PlyCount "77"]
[EventDate "2010.05.09"]
[EventType "swiss"]
[EventCountry "CZE"]

1. d4 Nf6 2. c4 c5 3. d5 b5 4. cxb5 a6 5. bxa6 Bxa6 6. Nc3 d6 7. Nf3 g6 8. e4
Bxf1 9. Kxf1 Bg7 10. g3 O-O 11. Kg2 Nbd7 12. h3 Ra6 13. Re1 e6 14. dxe6 fxe6
15. Bf4 Nh5 16. Bxd6 Rxf3 17. Kxf3 Rxd6 18. Qe2 Ne5+ 19. Kg2 Nd3 20. Kg1 Nxe1
21. Rxe1 Rd2 22. Qc4 Qd6 23. Re2 Rxe2 24. Qxe2 Bd4 25. Kg2 Bxc3 26. bxc3 Qe5
27. Qd3 Nf6 28. f3 Qc7 29. a4 Nh5 30. f4 Nf6 31. Kf3 Kf7 32. Qb5 Qd6 33. Qb7+
Ke8 34. Ke2 Nd7 35. a5 Qb8 36. Qxb8+ Nxb8 37. Kf3 Ke7 38. Kg4 Kf6 39. e5+
1/2-1/2

[Event "Ostravsky konik 2010 MCR Open"]
[Site "Ostrava"]
[Date "2010.05.06"]
[Round "6.33"]
[White "Nedela, Vlastimil"]
[Black "Bartoš, Jan"]
[Result "0-1"]
[WhiteElo "2347"]
[BlackElo "2201"]
[PlyCount "102"]
[EventDate "2010.05.09"]
[EventType "swiss"]
[EventCountry "CZE"]

1. e4 e5 2. Nf3 Nf6 3. Nxe5 d6 4. Nc4 Nxe4 5. Qe2 Qe7 6. Ne3 c6 7. b3 Qf6 8. c3
Be6 9. Bb2 Nd7 10. d3 Nec5 11. d4 Ne4 12. Qc2 d5 13. Bd3 Nd6 14. O-O Be7 15. c4
Qh6 16. Nc3 Nf6 17. c5 Nc8 18. Rae1 O-O 19. Bc1 Qh5 20. f3 Bd8 21. g4 Qh3 22.
Ng2 Bc7 23. Nf4 Bxf4 24. Bxf4 Ne7 25. Rf2 Ng6 26. Bf1 Qh4 27. Bg3 Qg5 28. h3
Nh5 29. f4 Nhxf4 30. Bxf4 Nxf4 31. Qd2 Nxh3+ 32. Bxh3 Qh4 33. Bg2 Bxg4 34. Qf4
f5 35. Qd6 f4 36. Nb1 Rf6 37. Qc7 f3 38. Re7 Qg5 39. Qe5 Rf5 40. Qe6+ Kh8 41.
Nd2 Rff8 42. Qd6 fxg2 43. Re5 Qd8 44. Rxg2 Qxd6 45. cxd6 h5 46. Re7 b6 47. Rc7
Rfc8 48. Re7 Rd8 49. Rf2 Rxd6 50. Rff7 Rg8 51. Rc7 Be6 0-1

[Event "Ostravsky konik 2010 MCR Open"]
[Site "Ostrava"]
[Date "2010.05.06"]
[Round "6.34"]
[White "Novotný, Michal"]
[Black "Kratochvíl, Josef"]
[Result "0-1"]
[WhiteElo "2250"]
[BlackElo "2307"]
[PlyCount "80"]
[EventDate "2010.05.09"]
[EventType "swiss"]
[EventCountry "CZE"]

1. e4 c5 2. Nf3 d6 3. Bb5+ Nd7 4. d4 Ngf6 5. Nc3 cxd4 6. Qxd4 g6 7. e5 dxe5 8.
Qxe5 Bg7 9. O-O O-O 10. Qd4 a6 11. Be2 Re8 12. Qh4 b5 13. a4 Qa5 14. Bh6 b4 15.
Bxg7 Kxg7 16. Ne4 Bb7 17. Ned2 Rac8 18. Nc4 Qc5 19. b3 Nb6 20. Nfe5 Nxc4 21.
Nxc4 Red8 22. Qh3 a5 23. Qe3 Ba6 24. Rfe1 Bxc4 25. Bxc4 Qxe3 26. Rxe3 e6 27.
Re5 Nd5 28. g3 Kf6 29. Rae1 Rc5 30. g4 h6 31. h4 g5 32. Kh2 Rdc8 33. hxg5+ hxg5
34. Kg3 Nb6 35. Rxc5 Rxc5 36. Bd3 Rc3 37. Re3 Nd5 38. Rf3+ Nf4 39. Bh7 Rc8 40.
Bd3 Rh8 0-1

[Event "Ostravsky konik 2010 MCR Open"]
[Site "Ostrava"]
[Date "2010.05.06"]
[Round "6.35"]
[White "Jedlicka, Aleš"]
[Black "Sochorová, Petra"]
[Result "0-1"]
[WhiteElo "2293"]
[BlackElo "2140"]
[PlyCount "126"]
[EventDate "2010.05.09"]
[EventType "swiss"]
[EventCountry "CZE"]

1. Nf3 Nf6 2. c4 e6 3. g3 d5 4. Bg2 Bd6 5. O-O O-O 6. d4 dxc4 7. Qc2 Nc6 8.
Qxc4 e5 9. d5 Ne7 10. e4 h6 11. Nc3 a6 12. Qe2 b5 13. a3 Rb8 14. Rd1 Qe8 15. b4
Nd7 16. Be3 f5 17. exf5 Nxf5 18. Ne4 Nxe3 19. Qxe3 Nb6 20. Nc5 Nc4 21. Qc3 Bxc5
22. bxc5 Bg4 23. Rf1 Qe7 24. c6 Bxf3 25. Bxf3 Qf6 26. Bg4 e4 27. Be6+ Kh8 28.
Qxf6 Rxf6 29. Rfe1 Nd6 30. h4 g5 31. hxg5 hxg5 32. Kg2 Kg7 33. Rh1 Rbf8 34. Ra2
Rh6 35. Rxh6 Kxh6 36. Rb2 Rf3 37. Ra2 Rb3 38. Kh3 Kg6 39. Kg4 Rf3 40. Bd7 Nc4
41. Bc8 a5 42. Ba6 Nd6 43. Rb2 Rxa3 44. Bxb5 a4 45. Be2 Rb3 46. Rxb3 axb3 47.
Bd1 b2 48. Bc2 Kf6 49. Kh5 Ke5 50. Kxg5 Nb5 51. g4 Nc3 52. Kg6 Nxd5 53. g5 Nb4
54. Bb1 Nxc6 55. Kh5 Ne7 56. Kh6 c5 57. g6 Kf4 58. g7 Nf5+ 59. Kg6 Nxg7 60.
Kxg7 e3 61. fxe3+ Kxe3 62. Kf6 c4 63. Ke5 c3 0-1

[Event "Ostravsky konik 2010 MCR Open"]
[Site "Ostrava"]
[Date "2010.05.06"]
[Round "6.36"]
[White "Vlach, Karel"]
[Black "Ramík, Zdenek"]
[Result "0-1"]
[WhiteElo "2171"]
[BlackElo "2267"]
[PlyCount "52"]
[EventDate "2010.05.09"]
[EventType "swiss"]
[EventCountry "CZE"]

1. d4 Nf6 2. Nf3 e6 3. g3 b6 4. Bg2 Bb7 5. O-O c5 6. c3 d6 7. Qc2 Be7 8. Rd1
Qc7 9. Na3 a6 10. dxc5 bxc5 11. Nc4 O-O 12. Qa4 Nc6 13. Bg5 Rfd8 14. Rd2 h6 15.
Bxf6 Bxf6 16. Qb3 Rab8 17. Qb6 Qxb6 18. Nxb6 Na5 19. Na4 Bc6 20. b3 Bxa4 21.
bxa4 Bxc3 22. Rad1 Bxd2 23. Nxd2 Rb2 24. Ne4 Rxe2 25. Nxc5 Rxa2 26. Nxa6 Rxa4
0-1

[Event "Ostravsky konik 2010 MCR Open"]
[Site "Ostrava"]
[Date "2010.05.06"]
[Round "6.38"]
[White "Indrák, Igor"]
[Black "Pertlová, Sona"]
[Result "0-1"]
[WhiteElo "2269"]
[BlackElo "2201"]
[PlyCount "230"]
[EventDate "2010.05.09"]
[EventType "swiss"]
[EventCountry "CZE"]

1. d4 Nf6 2. Nf3 e6 3. Bf4 c5 4. e3 b6 5. Bd3 Bb7 6. Nbd2 Be7 7. h3 O-O 8. O-O
d6 9. Qe2 Nd5 10. c3 Nxf4 11. exf4 g6 12. Rad1 Nc6 13. Qe3 Qc7 14. Be4 cxd4 15.
Nxd4 Nxd4 16. Qxd4 d5 17. Bb1 Bc5 18. Qf6 Be7 19. Qd4 Bc5 20. Qf6 Qe7 21. Qxe7
Bxe7 22. Nf3 Rfc8 23. Rfe1 Bf6 24. Ne5 Bg7 25. Bd3 Rc5 26. Bf1 Rac8 27. h4 h5
28. g3 Ra5 29. a3 Rac5 30. Nd7 R5c7 31. Ne5 Bf8 32. Bh3 Re8 33. Bf1 Rec8 34.
Bh3 Rd8 35. Nf3 Bc6 36. Ne5 Ba4 37. Rd2 b5 38. Rb1 Bb3 39. Bf1 Rb8 40. Nf3 a5
41. Nd4 Bc4 42. Bxc4 Rxc4 43. Ra1 Bg7 44. Nc2 Rbc8 45. Rad1 Bf6 46. Kf1 Bg7 47.
Rd3 Bf8 48. Ne3 R4c7 49. Nc2 Bd6 50. Nd4 Rb8 51. Ke2 b4 52. cxb4 axb4 53. a4
Be7 54. b3 Bf6 55. Nb5 Rc6 56. Nd4 Rc3 57. Nb5 Rc5 58. Nd4 Bg7 59. Nb5 Kf8 60.
Nd4 Kg8 61. Nb5 f6 62. Nd4 Kf7 63. Nf3 Rd8 64. Rd4 Rb8 65. R4d3 Rb7 66. Kd2
Rbc7 67. Ke2 Ke7 68. Nd4 e5 69. Nb5 Rd7 70. fxe5 fxe5 71. f3 Ke6 72. Re3 Kf5
73. Rd2 Bh6 74. f4 exf4 75. gxf4 Bxf4 76. Rf3 Kg4 77. Rdd3 Re7+ 78. Kf2 Rc2+
79. Kf1 Rce2 80. Nd4 R2e4 81. Kg2 Kxh4 82. Rh3+ Kg5 83. Nf3+ Kf6 84. Rxd5 Re2+
85. Kf1 R2e3 86. Ng1 Rxh3 87. Nxh3 Be5 88. Nf2 Rh7 89. Ne4+ Ke6 90. Rd8 Rc7 91.
Ke2 Rc2+ 92. Kd3 Rc1 93. Kd2 Bf4+ 94. Ke2 Kf5 95. Re8 Be5 96. Nf2 Rc2+ 97. Kf1
Rc3 98. Rf8+ Bf6 99. Rb8 Rxb3 100. a5 Rb1+ 101. Ke2 b3 102. Nd3 b2 103. a6 Ra1
104. a7 Rxa7 105. Kd2 Ra1 106. Kc2 b1=Q+ 107. Rxb1 Rxb1 108. Kxb1 Ke4 109. Kc2
Ke3 110. Nb4 Be5 111. Nd5+ Ke4 112. Ne7 g5 113. Kd2 h4 114. Ke2 h3 115. Kf2 g4
0-1

[Event "Ostravsky konik 2010 MCR Open"]
[Site "Ostrava"]
[Date "2010.05.06"]
[Round "6.40"]
[White "Bureš, Martin"]
[Black "Potomák, Vladimír"]
[Result "0-1"]
[WhiteElo "2131"]
[BlackElo "2232"]
[PlyCount "90"]
[EventDate "2010.05.09"]
[EventType "swiss"]
[EventCountry "CZE"]

1. d4 Nf6 2. c4 g6 3. Nc3 Bg7 4. e4 d6 5. f4 O-O 6. Nf3 c5 7. Be2 cxd4 8. Nxd4
Nc6 9. Nc2 b6 10. O-O Bb7 11. Bf3 Na5 12. b3 Rc8 13. Qe1 Nd7 14. Bd2 a6 15. Rc1
Nc5 16. Qe2 Naxb3 17. axb3 Nxb3 18. Rb1 Nxd2 19. Qxd2 Rxc4 20. Nd5 b5 21. Nce3
Rc5 22. Rfc1 e6 23. Nb4 Qb6 24. Kh1 Rfc8 25. Nd3 Rc3 26. Nd1 Rxc1 27. Rxc1 Rxc1
28. Nxc1 b4 29. Nb2 Bc3 30. Qc2 Qe3 31. Ne2 Bxb2 32. Qxb2 Bxe4 33. Bxe4 Qxe4
34. h3 a5 35. Nc1 Qxf4 36. Na2 Qe3 37. Nc1 a4 38. Qb1 Qe1+ 39. Kh2 b3 40. g3 a3
41. Qxb3 Qxc1 42. Qb8+ Kg7 43. Qxd6 Qb2+ 44. Kg1 a2 45. Qe5+ Qxe5 0-1

[Event "Ostravsky konik 2010 MCR Open"]
[Site "Ostrava"]
[Date "2010.05.06"]
[Round "6.41"]
[White "Umanec, Filip"]
[Black "Weissmann, Lukáš"]
[Result "1/2-1/2"]
[WhiteElo "2226"]
[BlackElo "2131"]
[PlyCount "60"]
[EventDate "2010.05.09"]
[EventType "swiss"]
[EventCountry "CZE"]

1. e4 e5 2. Nf3 Nc6 3. Nc3 Nf6 4. d4 exd4 5. Nxd4 Bb4 6. Nxc6 bxc6 7. Bd3 d5 8.
exd5 cxd5 9. O-O O-O 10. Bg5 c6 11. Qf3 Be7 12. Rae1 Be6 13. h3 Re8 14. Ne2 Nd7
15. Bxe7 Qxe7 16. Qg3 Nc5 17. f4 Qd6 18. c3 Bd7 19. Nd4 Rxe1 20. Rxe1 Nxd3 21.
Qxd3 Qxf4 22. Rf1 Qe4 23. Qa6 Qe3+ 24. Kh1 Qe8 25. b4 Qc8 26. Qa5 Bxh3 27. gxh3
Qxh3+ 28. Kg1 Qg3+ 29. Kh1 Qh3+ 30. Kg1 Qg3+ 1/2-1/2

[Event "Ostravsky konik 2010 MCR Open"]
[Site "Ostrava"]
[Date "2010.05.06"]
[Round "6.42"]
[White "Chlevištan, Jakub"]
[Black "Šplíchal, Stanislav"]
[Result "1-0"]
[WhiteElo "2111"]
[BlackElo "2219"]
[PlyCount "79"]
[EventDate "2010.05.09"]
[EventType "swiss"]
[EventCountry "CZE"]

1. Nf3 Nf6 2. c4 e6 3. d4 d5 4. Bg5 Be7 5. e3 h6 6. Bh4 O-O 7. Nc3 b6 8. Bd3
Bb7 9. O-O Nbd7 10. Rc1 c5 11. cxd5 Nxd5 12. Bg3 Nxc3 13. bxc3 Nf6 14. Ne5 Rc8
15. Qe2 Ne4 16. Bf4 Bg5 17. Bxg5 Qxg5 18. f3 Nd6 19. f4 Qh4 20. Nf3 Qg4 21. h3
Qh5 22. Kh2 cxd4 23. cxd4 Ne4 24. Ne5 Qxe2 25. Bxe2 Rfd8 26. Bf3 Bd5 27. a3 f6
28. Ng6 Kf7 29. Bh5 Nd2 30. Rfd1 Nb3 31. Rxc8 Rxc8 32. f5 Rc2 33. fxe6+ Bxe6
34. d5 Bd7 35. e4 Rd2 36. e5 fxe5 37. Rf1+ Bf5 38. Rxf5+ Ke8 39. Bg4 Kd8 40.
Nxe5 1-0

[Event "Ostravsky konik 2010 MCR Open"]
[Site "Ostrava"]
[Date "2010.05.06"]
[Round "6.43"]
[White "Sikora-Lerch, Jan"]
[Black "Tauš, Martin"]
[Result "1-0"]
[WhiteElo "2205"]
[BlackElo "2099"]
[PlyCount "95"]
[EventDate "2010.05.09"]
[EventType "swiss"]
[EventCountry "CZE"]

1. c4 Nc6 2. Nc3 e5 3. g3 d6 4. Nf3 f5 5. d4 e4 6. d5 exf3 7. dxc6 bxc6 8. e3
Nf6 9. Qxf3 Bd7 10. Bd3 Be7 11. Bxf5 O-O 12. Bxd7 Qxd7 13. h3 Nd5 14. Qg4 Qxg4
15. hxg4 Nxc3 16. bxc3 Bf6 17. Kd2 Rab8 18. Kc2 Rb6 19. Bd2 g6 20. Rhb1 d5 21.
cxd5 cxd5 22. a4 Be7 23. f4 c6 24. e4 dxe4 25. Re1 Rfb8 26. Ra2 Bc5 27. Rxe4
Bf2 28. Be1 Bxe1 29. Rxe1 Kf7 30. Rh1 Kg7 31. Rd1 R8b7 32. Rd6 Rb1 33. Rd1 R1b6
34. a5 Rb5 35. a6 Re7 36. Ra4 h5 37. gxh5 gxh5 38. Rd6 Re2+ 39. Kd3 Rg2 40.
Rd7+ Kg6 41. Ke4 Rxg3 42. Rxa7 h4 43. Ra8 Kh7 44. a7 h3 45. Rh8+ Kxh8 46. a8=Q+
Rg8 47. Qxc6 Rh5 48. Qf6+ 1-0

[Event "Ostravsky konik 2010 MCR Open"]
[Site "Ostrava"]
[Date "2010.05.06"]
[Round "6.44"]
[White "Novotný, Jaroslav"]
[Black "Olšar, Jaroslav"]
[Result "0-1"]
[WhiteElo "2217"]
[BlackElo "2317"]
[PlyCount "62"]
[EventDate "2010.05.09"]
[EventType "swiss"]
[EventCountry "CZE"]

1. e4 e5 2. Nf3 Nc6 3. Bb5 a6 4. Ba4 Nf6 5. O-O Nxe4 6. Re1 Nc5 7. Bxc6 dxc6 8.
d4 Ne6 9. Nxe5 Be7 10. Be3 O-O 11. c4 f6 12. Nf3 Re8 13. Nc3 Nf8 14. Qb3 Bg4
15. Qxb7 Qd7 16. d5 Bxf3 17. gxf3 Bd6 18. c5 Qh3 19. cxd6 Ng6 20. Bg5 fxg5 21.
d7 Rf8 22. Qxa8 Rxa8 23. Re8+ Kf7 24. Ne4 Qxd7 25. Rxa8 h6 26. Kf1 cxd5 27. Nc3
Nf4 28. Rd1 d4 29. Ke1 Qc6 30. Rd8 dxc3 31. bxc3 Qxc3+ 0-1

[Event "Ostravsky konik 2010 MCR Open"]
[Site "Ostrava"]
[Date "2010.05.06"]
[Round "6.45"]
[White "Sobek, Jaroslav"]
[Black "Kapusta, Petr"]
[Result "1/2-1/2"]
[WhiteElo "2303"]
[BlackElo "2186"]
[PlyCount "89"]
[EventDate "2010.05.09"]
[EventType "swiss"]
[EventCountry "CZE"]

1. d4 Nf6 2. c4 g6 3. Nc3 Bg7 4. e4 d6 5. f3 O-O 6. Be3 e5 7. d5 c6 8. Qd2 cxd5
9. cxd5 Nbd7 10. O-O-O a6 11. Kb1 b5 12. Rc1 Nc5 13. b4 Ncd7 14. Nd1 Nb6 15.
Nb2 Bd7 16. g4 Na4 17. Nxa4 bxa4 18. Bd3 a5 19. bxa5 Rxa5 20. Ne2 Nxd5 21. exd5
Qb8+ 22. Kc2 Rxd5 23. Nc3 Rc8 24. Kd1 Rxc3 25. Rxc3 e4 26. fxe4 Bxc3 27. Qxc3
Qb1+ 28. Kd2 Rxd3+ 29. Qxd3 Qxh1 30. Qxd6 Qg2+ 31. Kd3 Bb5+ 32. Kc3 Qxe4 33.
Qd8+ Be8 34. Bd4 Qe1+ 35. Kc2 Qe2+ 36. Kc3 Qe1+ 37. Kc2 Qe2+ 38. Kc3 Qf3+ 39.
Kc2 Qe4+ 40. Kc3 Qc6+ 41. Kd2 Qe6 42. Kc3 h6 43. h4 Qd7 44. Qxd7 Bxd7 45. g5
1/2-1/2

[Event "Ostravsky konik 2010 MCR Open"]
[Site "Ostrava"]
[Date "2010.05.06"]
[Round "6.46"]
[White "Kocur, Valter"]
[Black "Mrva, Marek"]
[Result "1/2-1/2"]
[WhiteElo "2139"]
[BlackElo "2248"]
[PlyCount "123"]
[EventDate "2010.05.09"]
[EventType "swiss"]
[EventCountry "CZE"]

1. c4 e5 2. g3 Nc6 3. Bg2 f5 4. d3 Bb4+ 5. Bd2 Bxd2+ 6. Qxd2 d6 7. e3 Nf6 8.
Nc3 O-O 9. Nge2 Kh8 10. O-O Qe8 11. Nd5 Qf7 12. Nec3 Nd8 13. Nxf6 Qxf6 14. b4
Ne6 15. f4 exf4 16. gxf4 Rb8 17. a4 c6 18. b5 c5 19. b6 a6 20. a5 Bd7 21. Nd5
Qf7 22. Rab1 Bc6 23. Rf2 Rbe8 24. Nc3 Bxg2 25. Rxg2 Nd8 26. Nd5 Nc6 27. Kh1 Re6
28. Rbg1 Rg8 29. Qe1 Ne7 30. Nc7 Rh6 31. Qc3 Ng6 32. Rg3 Nf8 33. Ne8 Ng6 34.
Nc7 Rh5 35. d4 Qe7 36. Qd3 Nh4 37. Nd5 Qe6 38. Nc7 Qh6 39. Qe2 cxd4 40. exd4
Ng6 41. Nd5 Rh4 42. Rg5 Nxf4 43. Nxf4 Rxf4 44. Rxg7 Qxg7 45. Rxg7 Rxg7 46. h3
Re4 47. Qf3 Rf7 48. c5 d5 49. Kg2 f4 50. Kf2 Rf6 51. Qh5 f3 52. Qxd5 Re2+ 53.
Kf1 Re8 54. Kf2 Re2+ 55. Kf1 Re8 56. Qh5 Re7 57. Qh4 Kg7 58. Qf2 Re2 59. Qg3+
Kf7 60. d5 f2 61. Qc7+ Kg6 62. Qg3+ 1/2-1/2

[Event "Ostravsky konik 2010 MCR Open"]
[Site "Ostrava"]
[Date "2010.05.07"]
[Round "7.1"]
[White "Navara, David"]
[Black "Rasik, Vitezslav"]
[Result "1-0"]
[WhiteElo "2718"]
[BlackElo "1480"]
[PlyCount "57"]
[EventDate "2010.05.09"]
[EventType "swiss"]
[EventCountry "CZE"]

1. e4 c5 2. Nf3 e6 3. d4 cxd4 4. Nxd4 Nf6 5. Nc3 d6 6. Be3 Nc6 7. f3 Be7 8. Qd2
O-O 9. O-O-O d5 10. Be2 Nxd4 11. Bxd4 dxe4 12. fxe4 Qa5 13. Kb1 b6 14. e5 Nd7
15. Qf4 Ba6 16. Bxa6 Qxa6 17. Ne4 Rad8 18. Rd3 Nc5 19. Nf6+ Bxf6 20. exf6 e5
21. Qxe5 g6 22. Qg5 Ne6 23. Qh6 Rd5 24. g4 Qb7 25. Re1 Rfd8 26. Rh3 Rh5 27.
gxh5 Rxd4 28. hxg6 fxg6 29. Rhe3 1-0

[Event "Ostravsky konik 2010 MCR Open"]
[Site "Ostrava"]
[Date "2010.05.07"]
[Round "7.3"]
[White "Bernasek, Jan"]
[Black "Stocek, Jiri"]
[Result "1-0"]
[WhiteElo "2495"]
[BlackElo "2593"]
[PlyCount "101"]
[EventDate "2010.05.09"]
[EventType "swiss"]
[EventCountry "CZE"]

1. d4 Nf6 2. c4 e6 3. Nc3 Bb4 4. e3 b6 5. Nge2 Ba6 6. a3 Bxc3+ 7. Nxc3 d5 8.
Qf3 O-O 9. g4 c6 10. b3 Nbd7 11. Bb2 dxc4 12. bxc4 c5 13. g5 Ne8 14. O-O-O Rc8
15. d5 Qxg5 16. dxe6 fxe6 17. Qh3 Qe7 18. Bd3 Ndf6 19. Ne4 Rd8 20. Rhg1 Rxd3
21. Nxf6+ Nxf6 22. Rxd3 Bxc4 23. Rd2 Bb5 24. Qg3 c4 25. Qe5 Bd7 26. Kb1 Be8 27.
Ka1 Bg6 28. f3 b5 29. Rd6 Re8 30. h4 a5 31. Rc6 c3 32. Rxc3 Nd7 33. Qg5 Qf7 34.
h5 Bxh5 35. Rc7 Bg6 36. Qxb5 Re7 37. Qb7 e5 38. f4 h6 39. fxe5 Kh7 40. Qg2 Nf8
41. Rc8 Re8 42. e6 Qe7 43. Rc6 Rb8 44. Qd2 Rb3 45. Qc1 Rb7 46. Qc3 a4 47. Qe5
Qh4 48. Rf1 Qe4 49. Qxe4 Bxe4 50. Rd6 Ng6 51. Rd7 1-0

[Event "Ostravsky konik 2010 MCR Open"]
[Site "Ostrava"]
[Date "2010.05.07"]
[Round "7.4"]
[White "Kanovsky, David"]
[Black "Polak, Tomas"]
[Result "1/2-1/2"]
[WhiteElo "2489"]
[BlackElo "2525"]
[PlyCount "81"]
[EventDate "2010.05.09"]
[EventType "swiss"]
[EventCountry "CZE"]

1. e4 c6 2. d4 d5 3. f3 Qb6 4. a4 dxe4 5. a5 Qc7 6. fxe4 e5 7. Nf3 Bg4 8. Bc4
Nf6 9. O-O Nbd7 10. Bg5 Bd6 11. Nbd2 O-O 12. Qe1 h6 13. Bxf6 Nxf6 14. Qh4 Rae8
15. c3 Bc8 16. Bb3 Nh7 17. Nc4 exd4 18. cxd4 Be7 19. Qe1 Be6 20. Qc3 Bf6 21.
Rae1 Rd8 22. Bc2 Rfe8 23. e5 Be7 24. b4 Nf8 25. Ne3 Qd7 26. Be4 Bd5 27. e6 Bxe6
28. a6 bxa6 29. Bxc6 Bxb4 30. Qc2 Qc8 31. Rb1 Bd7 32. Bxd7 Qxd7 33. Rxb4 Rxe3
34. Ne5 Qe6 35. Qf2 Rxe5 36. dxe5 Ng6 37. Qxa7 Nxe5 38. Rb6 Qd5 39. Rxa6 f6 40.
h3 Rd7 41. Qa8+ 1/2-1/2

[Event "Ostravsky konik 2010 MCR Open"]
[Site "Ostrava"]
[Date "2010.??.??"]
[Round "7.5"]
[White "Meduna, Eduard"]
[Black "Votava, Jan"]
[Result "1/2-1/2"]
[WhiteElo "2443"]
[BlackElo "2587"]
[PlyCount "25"]
[EventDate "2010.05.09"]
[EventType "swiss"]
[EventCountry "CZE"]

1. d4 Nf6 2. c4 g6 3. Nc3 d5 4. Nf3 Bg7 5. Bg5 Ne4 6. Bh4 Nxc3 7. bxc3 dxc4 8.
Qa4+ Qd7 9. Qxc4 b6 10. e3 Ba6 11. Qb3 Bxf1 12. Kxf1 O-O 13. Ke2 1/2-1/2

[Event "Ostravsky konik 2010 MCR Open"]
[Site "Ostrava"]
[Date "2010.05.07"]
[Round "7.6"]
[White "Babula, Vlastimil"]
[Black "Cernousek, Lukas"]
[Result "1-0"]
[WhiteElo "2536"]
[BlackElo "2408"]
[PlyCount "108"]
[EventDate "2010.05.09"]
[EventType "swiss"]
[EventCountry "CZE"]

1. d4 d5 2. c4 c6 3. Nf3 Nf6 4. Nc3 dxc4 5. a4 Bf5 6. Nh4 e6 7. Nxf5 exf5 8. e3
Bb4 9. Bxc4 O-O 10. Qc2 g6 11. O-O Nbd7 12. f3 Rc8 13. Kh1 c5 14. Ba2 Qb6 15.
dxc5 Nxc5 16. Bd2 Rfd8 17. e4 Nd3 18. Bg5 Nxb2 19. Qxb2 Bxc3 20. Qxb6 axb6 21.
Rac1 Be5 22. exf5 gxf5 23. Rce1 Re8 24. Rxe5 Rxe5 25. Bxf6 Re2 26. Bb1 Rc6 27.
Bg5 Rg6 28. h4 h6 29. Bxf5 hxg5 30. Bxg6 fxg6 31. hxg5 b5 32. axb5 Rb2 33. Kh2
Rxb5 34. f4 Kf7 35. Kg3 Rb3+ 36. Rf3 Rb2 37. Rc3 b5 38. Rc7+ Kg8 39. Kf3 Rb3+
40. Ke4 b4 41. Rb7 Rb2 42. Ke5 Ra2 43. Rxb4 Ra5+ 44. Ke4 Kf7 45. Rb7+ Kg8 46.
Rd7 Kf8 47. g4 Ra4+ 48. Ke5 Ra5+ 49. Ke6 Ra4 50. f5 Rxg4 51. Rd8+ Kg7 52. f6+
Kh7 53. f7 Re4+ 54. Kd5 Rf4 1-0

[Event "Ostravsky konik 2010 MCR Open"]
[Site "Ostrava"]
[Date "2010.05.07"]
[Round "7.9"]
[White "FM Mudrak, Josef"]
[Black "GM Cvek, Robert"]
[Result "1/2-1/2"]
[WhiteElo "2368"]
[BlackElo "2495"]
[PlyCount "61"]
[EventDate "2010.05.09"]
[EventType "swiss"]
[EventCountry "CZE"]

1. d4 Nf6 2. Nf3 c5 3. dxc5 e6 4. g3 Bxc5 5. Bg2 O-O 6. c4 Qa5+ 7. Nfd2 Qc7 8.
O-O a6 9. Nc3 Be7 10. e4 d6 11. Qe2 Nc6 12. b3 b6 13. Bb2 Bb7 14. Rac1 Ne5 15.
h3 Rfe8 16. Rfd1 Rac8 17. Nf1 Qb8 18. Ne3 Bc6 19. Ng4 Nfxg4 20. hxg4 b5 21. f4
Nd7 22. e5 bxc4 23. exd6 Bxd6 24. Bxc6 Rxc6 25. Ne4 Nb6 26. Rxd6 Rxd6 27. Be5
Nc8 28. Nxd6 Nxd6 29. Rxc4 f6 30. Bxd6 Qxd6 31. Qc2 1/2-1/2

[Event "Ostravsky konik 2010 MCR Open"]
[Site "Ostrava"]
[Date "2010.05.07"]
[Round "7.10"]
[White "GM Velicka, Petr"]
[Black "FM Studnicka, Tomas"]
[Result "1/2-1/2"]
[WhiteElo "2479"]
[BlackElo "2332"]
[PlyCount "40"]
[EventDate "2010.05.09"]
[EventType "swiss"]
[EventCountry "CZE"]

1. e4 c5 2. Nf3 Nc6 3. d4 cxd4 4. Nxd4 g6 5. c4 Nf6 6. Nc3 d6 7. Be2 Nxd4 8.
Qxd4 Bg7 9. Be3 O-O 10. Qd2 Be6 11. Rc1 Qa5 12. f3 Rfc8 13. b3 a6 14. Na4 Qxd2+
15. Kxd2 Nd7 16. Rhd1 Kf8 17. Rc2 Rc6 18. Rdc1 Nc5 19. Nc3 f5 20. Bd3 Nxd3
1/2-1/2

[Event "Ostravsky konik 2010 MCR Open"]
[Site "Ostrava"]
[Date "2010.05.07"]
[Round "7.12"]
[White "FM Ponizil, Cyril"]
[Black "IM Zilka, Stepan"]
[Result "1/2-1/2"]
[WhiteElo "2392"]
[BlackElo "2509"]
[PlyCount "87"]
[EventDate "2010.05.09"]
[EventType "swiss"]
[EventCountry "CZE"]

1. e4 e5 2. Nf3 Nc6 3. Bb5 Nf6 4. O-O Nxe4 5. d4 Nd6 6. Bxc6 dxc6 7. dxe5 Nf5
8. Qxd8+ Kxd8 9. Nc3 Ke8 10. h3 Be7 11. Ne4 Be6 12. Re1 Rd8 13. Bg5 Nd4 14.
Nxd4 Rxd4 15. Bxe7 Kxe7 16. Nc5 b6 17. Nxe6 Kxe6 18. Re2 Rhd8 19. g3 g5 20. Kg2
R8d5 21. Rae1 c5 22. c3 Rd2 23. c4 R5d4 24. b3 h5 25. Re3 Rxa2 26. Rf3 Rdd2 27.
Ree3 g4 28. hxg4 hxg4 29. Rf6+ Ke7 30. Re4 Rd4 31. Re1 Rd3 32. Re4 Rf3 33. Rxf3
gxf3+ 34. Kxf3 Rb2 35. Re3 a5 36. g4 c6 37. Rd3 Ke6 38. Ke4 Re2+ 39. Kf3 Rxe5
40. Rd8 b5 41. Ra8 Kd6 42. Rxa5 bxc4 43. bxc4 f5 44. gxf5 1/2-1/2